000
00313nam a22001337a 4500
008
190305b xxu||||| |||| 00| 0 eng d
020
_a
2740374929672
041
_a
eng
080
_2
5th
_a
339.138
100
_a
60
101
_a
MAR
245
_a
Essentials of Marketing Research
_c
Zikmund,W,G
942
_2
udc
_c
BK
999
_c
54586
_d
54586